| 000 | 00482nam a2200181Ia 4500 | ||
|---|---|---|---|
| 005 | 20250508161810.0 | ||
| 008 | 008 250505s9999 xx 000 0 hin d | ||
| 037 | _aTextual | ||
| 040 |
_aFEDL _beng _cFEDL |
||
| 041 |
_ahin _2hin |
||
| 084 |
_aFH, PYA _qFEDL |
||
| 100 | _aPyare Lal | ||
| 245 | 0 | _aSachitra vidarbhdesh ki lok -kathain | |
| 260 |
_aDelhi, India _bAtma Ram and Sons _c1957 |
||
| 300 | _a56p | ||
| 942 |
_cTEXL _hFH, PYA |
||
| 999 |
_c1372275 _d1372275 |
||